书目信息 |
| 题名: |
等离子体应用于蒸发回收油田废水的技术
|
|
| 作者: | 邹龙生 著 | |
| 分册: | ||
| 出版信息: | 天津 天津科学技术出版社 2019.10 |
|
| 页数: | 182页 | |
| 开本: | 24cm | |
| 丛书名: | ||
| 单 册: | ||
| 中图分类: | X741 | |
| 科图分类: | ||
| 主题词: | 等离子体应用--deng li zi ti ying yong--油田--污水处理 | |
| 电子资源: | ||
| ISBN: | 978-7-5576-6000-0 | |
| 000 | 01164nam0 2200241 450 | |
| 001 | 2359504438 | |
| 005 | 20231125163156.48 | |
| 010 | @a978-7-5576-6000-0@dCNY45.00 | |
| 100 | @a20191118d2019 em y0chiy50 ea | |
| 101 | 0 | @achi |
| 102 | @aCN@b120000 | |
| 105 | @aa a 000yy | |
| 106 | @ar | |
| 200 | 1 | @a等离子体应用于蒸发回收油田废水的技术@Adeng li zi ti ying yong yu zheng fa hui shou you tian fei shui de ji shu@f邹龙生著 |
| 210 | @a天津@c天津科学技术出版社@d2019.10 | |
| 215 | @a182页@c图@d24cm | |
| 320 | @a有书目 (第169-182页) | |
| 330 | @a本书以等离子体技术在油田废水回用的工艺作为主线, 阐述油田废水处理的特点及存在的问题, 指出等离子体工艺的作用。全书共分7章, 第1章是油田开采及废水, 阐述油田开采过程中所带来的水环境问题, 特别是稠油油田所产生的稠油废水 ; 第2章是废水蒸发的研究现状 ; 第3章是等离子体技术 ; 第4章是实验方案和装备 ; 第5章是稠油废水降膜蒸发回收蒸馏水的实验 ; 第6章是NTP预处理稠油废水蒸发浓缩的实验 ; 第7章是稠油废水高倍浓缩蒸发污垢热阻的模拟。 | |
| 606 | 0 | @a等离子体应用@Adeng li zi ti ying yong@x油田@x污水处理 |
| 690 | @aX741@v5 | |
| 701 | 0 | @a邹龙生@Azou long sheng@4著 |
| 801 | @aCN@b山东中教@c20231121 | |
| 905 | @aBZT@dX741@e1 | |
| 等离子体应用于蒸发回收油田废水的技术/邹龙生著.-天津:天津科学技术出版社,2019.10 |
| 182页:图;24cm |
| ISBN 978-7-5576-6000-0:CNY45.00 |
| 本书以等离子体技术在油田废水回用的工艺作为主线, 阐述油田废水处理的特点及存在的问题, 指出等离子体工艺的作用。全书共分7章, 第1章是油田开采及废水, 阐述油田开采过程中所带来的水环境问题, 特别是稠油油田所产生的稠油废水 ; 第2章是废水蒸发的研究现状 ; 第3章是等离子体技术 ; 第4章是实验方案和装备 ; 第5章是稠油废水降膜蒸发回收蒸馏水的实验 ; 第6章是NTP预处理稠油废水蒸发浓缩的实验 ; 第7章是稠油废水高倍浓缩蒸发污垢热阻的模拟。 |
| ● |
| 相关链接 |
|
|
|
正题名:等离子体应用于蒸发回收油田废水的技术
索取号:X741/1
 
预约/预借
| 序号 | 登录号 | 条形码 | 馆藏地/架位号 | 状态 | 备注 |
| 1 | 2001048776 | 2001048776 | 中教第一批/山东中教(第一批)/693/ [索取号:X741/1] | 在馆 |